000 01734nam a2200493 i 4500
001 42917
003 KOSZ 005
005 20220428125013.0
008 030219s2002 pl a |000 0 pol
015 _aUWD 2003/3282
020 _a8371931891
035 _a991020248869705066
035 _a(PL-WaBN)b15490956-48omnis_nlop
035 _ab15490956
035 _a(OCoLC)749224418
035 _a(PL)b0000001549095
035 _a(EXLNZ-48OMNIS_NETWORK)9910480059105606
040 _aWA N
_cWA N
_dKOSZ 005/HR
041 0 _apol
046 _k2002
080 _a62:502
080 _a(075.8)
245 0 0 _aWybrane procesy jednostkowe w inżynierii środowiska /
_cpod red. Marty Janosz-Rajczyk ; [aut. Mirosław Bogdalski et al.] ; Politechnika Częstochowska.
250 _aWyd. 2 przejrzane i popr.
260 _aCzęstochowa :
_bWydawnictwo PC,
_c2002.
300 _a294 s. :
_bil. ;
_c24 cm.
336 _aTekst
_btxt
_2rdacontent
337 _aBez urządzenia pośredniczącego
_bn
_2rdamedia
338 _aWolumin
_bnc
_2rdacarrier
380 _aKsiążki
388 _a2001-
504 _aBibliogr. przy rozdz.
650 7 _aInżynieria środowiska
_2DBN
655 7 _aPodręczniki akademickie
_2DBN
658 _aInżynieria i technika
658 _aOchrona środowiska
700 1 _aBogdalski, Mirosław
_eAutor
700 1 _aJanosz-Rajczyk, Marta
_d(1944- )
_eRedakcja
710 2 _aPolitechnika Częstochowska
710 2 _aWydawnictwo Politechniki Częstochowskiej
_4pbl
856 _uhttp://koha.tu.koszalin.pl/cgi-bin/koha/opac-detail.pl?biblionumber=42917
_yKatalog online BPK
942 _2UKD
_cKS
999 _c42917
_d42917